Natural law and natural rights

Uloženo v:
Podrobná bibliografie
Hlavní autor: Finnis, John (Autor)
Médium: Kniha
Jazyk:angličtina
Vydáno: Nueva York Oxford University 2011
Vydání:2a. ed
Edice:Clarendon Law Series
Témata:
Tagy: Přidat tag
Žádné tagy, Buďte první, kdo vytvoří štítek k tomuto záznamu!

MARC

LEADER 00000cam a2200000 a 4500
001 UCF7639
003 CL-VaPUC
008 130704e20110000US |||||||||||||||||eng|d
020 |a 9780199599141 
082 0 4 |a 340.1  |b FIN  |2 21 
100 0 |a Finnis, John  |e author  |9 569719 
245 1 0 |a Natural law and natural rights 
250 |a 2a. ed 
300 |a 494 p 
942 |c BK 
945 |d 20130704 00:00:00  |a cmena 
260 |a Nueva York  |b Oxford University  |c 2011 
650 0 |a Derecho natural   |9 255041 
650 0 |a Teoría del conocimiento   |9 255038 
650 0 |a Filosofía del derecho   |9 255050 
583 |a last modification  |c 20130704 11:43:00  |k Rodrigo Vera 
490 0 |a Clarendon Law Series 
999 |c 352447  |d 352445 
952 |0 0  |1 0  |4 0  |6 340_100000000000000_FIN_2011  |7 0  |8 A  |9 456976  |a BIBDER  |b BIBDER  |d 2019-11-22  |i 4982509  |l 11  |m 9  |o 340.1 FIN 2011  |p 4982509  |r 2024-12-09  |s 2024-11-25  |w 2019-11-22  |y BK  |k DER